000
00296nam a2200121 a 4500
008
101210s1977|||| d
100
1
_a
Pavlovská, O.
245
1
0
_a
Hudobná výchova pre 3. a 4. ročník
260
_b
OPUS
_a
Bratislava
_c
1977
020
_c
16
041
_a
slo
044
_a
xo
_c
SK
999
_c
15117
_d
15117